Statystyki dla Zgadnij piłkarza po podpowiedzi

Kliknij tutaj aby rozwiązać quiz!

Ogólne statystyki

  • Ten quiz został rozwiązany 149 razy
  • Średni wynik to 7 z 10

Statystyki odpowiedzi

PodpowiedźPiłkarz% Poprawnych
Jeden z najlepszych aktualnie grający w lidze arabskiejCristiano Ronaldo
100%
Wygrał mundial mając 20 lat, jego reprezentacja przegrała z
Argentyną w finale mundialu 2022 w rzutach karnych, były
piłkarz As Monaco
Kylian Mbappe
82%
Pobił 5 rekordów w jednym meczu, przez wielu uznawany
za najlepszego na świecie, miał grać dla Królewskich lecz
klub, w którym wtedy grał nie zaakceptował transferu
Robert Lewandowski
80%
Belg, w dzieciństwie rodzice zabraniali mu kopać piłkę lepszą
nogą dlatego teraz jest uważany za najlepszego obunożnego
piłkarza, zawodnik Manchesteru City, dzięki niemu City
zremisowało z Realem w pierwszym meczu półfinału UCL
Kevin de Bruyne
76%
Młody talent grający obecnie w Borussi Dortmund, chcę
do Realu Madryt, Anglik, posiada on brata bliźniaka
Jude Bellingham
72%
Piłkarz Liverpoolu, pochodzi z Urugwaju, powstają o nim
różne piosenki
Darwin Nunez
71%
Aktualnie uważany za cyborga, jego zespół pokonał Real
Madryt w półfinale UEFA Champions League
Erling Haaland
69%
Miał on grać dla Legii warszawa lecz do tego nie doszło,
obecnie gra w Liverpoolu, pochodzi z północnej Afryki
Mohamed Salah
51%
Gra w dumie Katalonii od początku kariery, w tym roku
ma odejść z klubu, w 2023 roku kończy 35 lat
Sergio Busquets
50%
Jest znany ze swojej ruletki, były piłkarz PSG, aktualnie
grający w lidze arabskiej
Grzegorz Krychowiak
22%

Rozkład punktacji

Percentyl według liczby udzielonych odpowiedzi

Procent ludzi z każdym wynikiem

Twoja historia wyników

Nie rozwiązałeś tego quizu